| 000 | 00608nam a2200205Ia 4500 | ||
|---|---|---|---|
| 003 | IN-BaIIA | ||
| 008 | 211028s9999 xx 000 0 eng d | ||
| 020 | _a978-1-60598-671-5 | ||
| 040 | _cIIA Library | ||
| 080 |
_a523 _bNOR |
||
| 100 |
_aNorth, Chris _936387 |
||
| 245 | 0 |
_aHow to read the solar system _ba guide to the stars and planets _cChris North and Paul Abel |
|
| 260 |
_aNew York _bPegasus books _c2014 |
||
| 300 | _a320p. | ||
| 650 |
_aSolar system - observers' manuals _936388 |
||
| 650 | _aStars | ||
| 650 |
_aStars - observers' manuals _936389 |
||
| 700 |
_aAbel, Paul _936390 |
||
| 942 | _cBK | ||
| 999 |
_c19052 _d19052 |
||